Ngữ pháp tiếng việt

Đã lưu trong:
書目詳細資料
主要作者: Trung tâm KHXH và NVQG
格式: 圖書
語言:Undetermined
出版: H. KHXH 2002
主題:
標簽: 添加標簽
沒有標簽, 成為第一個標記此記錄!
Thư viện lưu trữ: Trung tâm Học liệu Trường Đại học Cần Thơ
LEADER 00510nam a2200193Ia 4500
001 CTU_54373
008 210402s9999 xx 000 0 und d
020 |b 35000 
082 |a 495.9225 
082 |b Tr513 
100 |a Trung tâm KHXH và NVQG 
245 0 |a Ngữ pháp tiếng việt 
245 0 |c Trung tâm KHXH và NVQG 
260 |a H. 
260 |b KHXH 
260 |c 2002 
650 |a vietnamese language 
650 |x grammar 
980 |a Trung tâm Học liệu Trường Đại học Cần Thơ